Молодежь XXI века: образование, наука, инновации (Запись № 13663762)

Подробности
000 -МАРКЕР
контрольное поле 03160nam0a2200469 4500
001 - ИДЕНТИФИКАТОР ЗАПИСИ
контрольное поле RU\NLR\BIBL_A\022307485
005 - ИДЕНТИФИКАТОР ВЕРСИИ
контрольное поле 20260420013824.0
010 ## - МЕЖДУНАРОДНЫЙ СТАНДАРТНЫЙ НОМЕР КНИГИ (ISBN)
Номер (ISBN) 978-5-00226-061-4
Тираж 500
021 ## - НОМЕР ГОСУДАРСТВЕННОЙ РЕГИСТРАЦИИ
Код страны Российская Федерация
Номер КН-П-24-041167
Номер Листа государственной регистраци КН-П-24-4073
035 ## - ДРУГИЕ СИСТЕМНЫЕ НОМЕРА
Идентификатор записи (NLR Aleph) 022307485
100 ## - ДАННЫЕ ОБЩЕЙ ОБРАБОТКИ
Данные общей обработки 20240826d2024 k y0rusy50 ca
101 0# - ЯЗЫК РЕСУРСА
Язык текста, звукозаписи и т.д. русский
-- английский
102 ## - СТРАНА ПУБЛИКАЦИИ ИЛИ ПРОИЗВОДСТВА
Страна публикации Российская Федерация
105 ## - ПОЛЕ КОДИРОВАННЫХ ДАННЫХ: ТЕКСТОВЫЕ МАТЕРИАЛЫ, МОНОГРАФИЧЕСКИЕ
Кодированные данные о монографическом текстовом документе y z 100yy
181 #0 - ПОЛЕ КОДИРОВАННЫХ ДАННЫХ: ВИД СОДЕРЖАНИЯ
Код вида содержания (ISBD) i4
Код характеристики содержания (ISBD) axxe
182 #0 - ПОЛЕ КОДИРОВАННЫХ ДАННЫХ: ТИП СРЕДСТВА
Код типа средства (ISBD) n - непосредственное
200 1# - ЗАГЛАВИЕ И СВЕДЕНИЯ ОБ ОТВЕТСТВЕННОСТИ
Основное заглавие Молодежь XXI века: образование, наука, инновации
Сведения, относящиеся к заглавию материалы XII всероссийской студенческой научно-практической конференции с международным участием (г. Новосибирск, 1–3 ноября 2023 г.)
Первые сведения об ответственности Министерство просвещения Российской Федерации, Новосибирский государственный педагогической университет, Институт филологии, массовой информации и психологии
Последующие сведения об ответственности под редакцией А. А. Пономаревой
203 ## - ВИД СОДЕРЖАНИЯ И ТИП СРЕДСТВА
Вид содержания Текст
Дополнительные сведения об издании визуальный
Тип средства непосредственный
210 ## - ПУБЛИКАЦИЯ, РАСПРОСТРАНЕНИЕ И ДР.
Место издания, распространения и т.д. Новосибирск
Имя издателя, распространителя и т. д. Изд-во НГПУ
Дата издания, распространения и т.д. 2024
215 ## - ФИЗИЧЕСКАЯ ХАРАКТЕРИСТИКА
Специфическое обозначение материала и объем 365, [1] с.
Размеры 21
225 1# - СЕРИЯ
Основное заглавие серии Год семьи, 2024
300 ## - ОБЩИЕ ПРИМЕЧАНИЯ
Текст примечания Часть текста англ.
320 ## - ПРИМЕЧАНИЯ О НАЛИЧИИ В ДОКУМЕНТЕ БИБЛИОГРАФИИ / УКАЗАТЕЛЯ
Текст примечания Библиогр. в конце ст.
606 1# - НАИМЕНОВАНИЕ ТЕМЫ КАК ПРЕДМЕТ
Наименование темы Русский язык
Формальный подзаголовок Съезды, совещания и т.п
Тематический подзаголовок Преподавание
-- Средняя школа
Системный номер авторитетной/нормативной записи 1546697
Идентификатор авторитетной/нормативной записи RU\NLR\AUTH\66976048
606 1# - НАИМЕНОВАНИЕ ТЕМЫ КАК ПРЕДМЕТ
Наименование темы Медиаобразование
Формальный подзаголовок Съезды, совещания и т.п
Системный номер авторитетной/нормативной записи 2180774
Идентификатор авторитетной/нормативной записи RU\NLR\AUTH\661311454
606 1# - НАИМЕНОВАНИЕ ТЕМЫ КАК ПРЕДМЕТ
Наименование темы Средства массовой информации
Формальный подзаголовок Съезды, совещания и т.п
Системный номер авторитетной/нормативной записи 2114705
Идентификатор авторитетной/нормативной записи RU\NLR\AUTH\661277644
606 1# - НАИМЕНОВАНИЕ ТЕМЫ КАК ПРЕДМЕТ
Наименование темы Филология
Формальный подзаголовок Съезды, совещания и т.п
Системный номер авторитетной/нормативной записи 921663
Идентификатор авторитетной/нормативной записи RU\NLR\AUTH\6619068
686 1# - ИНДЕКСЫ ДРУГИХ КЛАССИФИКАЦИЙ
Индекс Ч426.131(2Р)я431
686 1# - ИНДЕКСЫ ДРУГИХ КЛАССИФИКАЦИЙ
Индекс Ч600.0я431
686 1# - ИНДЕКСЫ ДРУГИХ КЛАССИФИКАЦИЙ
Индекс Ч312.7я431
686 1# - ИНДЕКСЫ ДРУГИХ КЛАССИФИКАЦИЙ
Индекс Ч312.31я431
686 1# - ИНДЕКСЫ ДРУГИХ КЛАССИФИКАЦИЙ
Индекс Ш.я431
702 #1 - ИМЯ ЛИЦА - ВТОРИЧНАЯ ОТВЕТСТВЕННОСТЬ
Код отношения Редактор
Начальный элемент ввода Пономарёва
Часть имени, кроме начального элемента ввода А. А.
Дополнения к именам, кроме дат канд. филол. наук
Даты 1992-
Расширение инициалов личного имени Анастасия Александровна
Системный номер авторитетной/нормативной записи 258570
Идентификатор авторитетной/нормативной записи RU\NLR\AUTH\770258626
711 12 - НАИМЕНОВАНИЕ ОРГАНИЗАЦИИ - АЛЬТЕРНАТИВНАЯ ОТВЕТСТВЕННОСТЬ
Начальный элемент ввода "Молодежь XXI века: образование, наука, инновации", всероссийская студенческая научно-практическая конференция с международным участием
Порядковый номер временной организации и / или порядковый номер ее части 12
Место проведения временной организации Новосибирск
Дата проведения временной организации 2023
Системный номер авторитетной/нормативной записи 886633
Идентификатор авторитетной/нормативной записи RU\NLR\AUTH\880614782
712 02 - НАИМЕНОВАНИЕ ОРГАНИЗАЦИИ - ВТОРИЧНАЯ ОТВЕТСТВЕННОСТЬ
Код отношения Прочие
Начальный элемент ввода Новосибирский государственный педагогический университет
Структурное подразделение Институт филологии, массовой информации и психологии
Системный номер авторитетной/нормативной записи 576686
Идентификатор авторитетной/нормативной записи RU\NLR\AUTH\8810038898
942 ## - ДОПОЛНИТЕЛЬНЫЕ ЭЛЕМЕНТЫ ЗАПИСИ (АБИС)
Тип экземпляра АБИС Книга
980 ## - КОЛЛЕКЦИЯ
Название коллекции Национальная библиография

Нет доступных экземпляров.